| 000 | 00775cab a2200277 4500 | ||
|---|---|---|---|
| 001 | ABS60120 | ||
| 008 | 090401t1999 xxu||||| |||| 00| 0 eng d | ||
| 035 | _a(Sirsi) u91587 | ||
| 041 | _aeng | ||
| 245 | _aFocus `99: East Midlands industrial & distribution | ||
| 260 | _c1999 | ||
| 350 | _a0 | ||
| 490 |
_aEstates Gazette _v(9907) 20 February 1999, 67-103(13) |
||
| 650 | _aDISTRIBUTION DEVELOPMENT | ||
| 650 | _aEAST MIDLANDS | ||
| 650 | _aECONOMIC DECLINE | ||
| 650 | _aINDUSTRIAL DECLINE | ||
| 650 | _aINDUSTRIAL DEVELOPMENT | ||
| 650 | _aINDUSTRIAL PROPERTY | ||
| 650 | _aPLANNING POLICY | ||
| 650 | _aRAIL LINK | ||
| 650 | _aRAIL TRANSPORT | ||
| 690 | _aPROPERTY-COMMERCIAL PROPERTY-COMMERCIAL PROPERTY MARKET | ||
| 942 | _n0 | ||
| 948 | _c25/02/1999 | ||
| 999 |
_c58154 _d58154 |
||